| 000 | 01080nam a2200253 a 4500 | ||
|---|---|---|---|
| 001 | 44951 | ||
| 003 | BD-RjUL | ||
| 005 | 20211209053936.0 | ||
| 008 | 160721r19951983ii ||||| b||| 00| 0 ben d | ||
| 020 |
_a8124702160 _c:TK 70.00 |
||
| 035 | _a(BD-RjUL)45069 | ||
| 040 |
_aBD-RjUL _bben _cBD-RjUL |
||
| 041 | _aben | ||
| 082 |
_a954.01 _bCHB 1995 |
||
| 100 |
_aচট্টোপাধ্যায়, সুনীল _9117705 |
||
| 245 | 1 | 0 |
_aপ্রাচীন ভারতের ইতিহাস / _cসুনীল চট্টোপাধ্যায় |
| 260 |
_aকলিকাতা : _bপশ্চিমবঙ্গ রাজ্য পুস্তক পর্ষৎ, _c১৯৮৩ [মুদ্রণ ১৯৯৫] |
||
| 300 |
_aখণ্ড ; _c২২ সেমি. |
||
| 504 | _aগ্রন্থপঞ্জী সংযুক্ত । | ||
| 505 | 0 | _aখণ্ড ১ -- | |
| 650 |
_aভারত _xইতিহাস _yখৃ. পূ. ৩২৪ অব্দ হতে _9117706 |
||
| 650 |
_aIndia _xHistory _yTo 324 B.C. _9117707 |
||
| 942 |
_2ddc _cBK _01 |
||
| 999 |
_c44951 _d44951 |
||